Statistiques concernant Vainqueurs de la Liga

Cliquez ici pour prendre le quiz!

Statistiques générales

  • Ce quiz a été pris 441 fois
  • Le résultat moyen est 84 sur 92

Statistiques - réponses

SaisonVainqueur% Correct
1977-1978Real Madrid
100%
1967-1968Real Madrid
100%
1996-1997Real Madrid
100%
1960-1961Real Madrid
100%
1961-1962Real Madrid
100%
1962-1963Real Madrid
100%
1963-1964Real Madrid
100%
1964-1965Real Madrid
100%
1994-1995Real Madrid
100%
1966-1967Real Madrid
100%
1968-1969Real Madrid
100%
1954-1955Real Madrid
100%
1971-1972Real Madrid
100%
1974-1975Real Madrid
100%
1975-1976Real Madrid
100%
1989-1990Real Madrid
100%
1988-1989Real Madrid
100%
1978-1979Real Madrid
100%
1979-1980Real Madrid
100%
1987-1988Real Madrid
100%
1986-1987Real Madrid
100%
1956-1957Real Madrid
100%
1957-1958Real Madrid
100%
1953-1954Real Madrid
100%
2007-2008Real Madrid
100%
2021-2022Real Madrid
100%
1931-1932Real Madrid
100%
1932-1933Real Madrid
100%
2019-2020Real Madrid
100%
2016-2017Real Madrid
100%
2011-2012Real Madrid
100%
1985-1986Real Madrid
100%
2006-2007Real Madrid
100%
2000-2001Real Madrid
100%
2002-2003Real Madrid
100%
2015-2016Barcelone
98%
1984-1985Barcelone
98%
1997-1998Barcelone
98%
2018-2019Barcelone
98%
2017-2018Barcelone
98%
2004-2005Barcelone
98%
1990-1991Barcelone
98%
2008-2009Barcelone
98%
1991-1992Barcelone
98%
2014-2015Barcelone
98%
1992-1993Barcelone
98%
1993-1994Barcelone
98%
1998-1999Barcelone
98%
2005-2006Barcelone
98%
2010-2011Barcelone
98%
2009-2010Barcelone
98%
2012-2013Barcelone
98%
1928-1929Barcelone
98%
2022-2023Barcelone
98%
1947-1948Barcelone
98%
1951-1952Barcelone
98%
1944-1945Barcelone
98%
1952-1953Barcelone
98%
1958-1959Barcelone
98%
1959-1960Barcelone
98%
1948-1949Barcelone
98%
1973-1974Barcelone
98%
1940-1941Atlético Aviación
96%
1939-1940Atlético Aviación
96%
1969-1970Atlético de Madrid
96%
1965-1966Atlético de Madrid
96%
1972-1973Atlético de Madrid
96%
1976-1977Atlético de Madrid
96%
2013-2014Atlético de Madrid
96%
2020-2021Atlético de Madrid
96%
1950-1951Atlético de Madrid
96%
1949-1950Atlético de Madrid
96%
1995-1996Atlético de Madrid
96%
1945-1946Seville
87%
1941-1942Valence
85%
1943-1944Valence
85%
2003-2004Valence
85%
1946-1947Valence
85%
2001-2002Valence
85%
1970-1971Valence
85%
1934-1935Real Betis
66%
1980-1981Real Sociedad
64%
1981-1982Real Sociedad
64%
1999-2000Deportivo La Corogne
50%
1982-1983Athletic Bilbao
46%
1942-1943Athletic Bilbao
46%
1955-1956Athletic Bilbao
46%
1929-1930Athletic Bilbao
46%
1935-1936Athletic Bilbao
46%
1933-1934Athletic Bilbao
46%
1930-1931Athletic Bilbao
46%
1983-1984Athletic Bilbao
46%

Distribution des résultats

Percentile par nombre de réponses

% des personnes avec chaque résultat

Votre développement - résultats

Vous n’avez pas pris ce quiz